Statistics for 「一回だけ使用されている文字」東北編 平成の大合併前版

Click here to take the quiz!

General Stats

  • This quiz has been taken 52 times
  • The average score is 36 of 44

Answer Stats

文字県名解答欄% Correct
青森県弘前市
100%
秋田県男鹿市
100%
岩手県釜石市
98%
宮城県塩竈市
98%
福島県いわき市
98%
岩手県雫石町
98%
山形県最上町
98%
宮城県亘理町
96%
福島県猪苗代町
96%
秋田県大曲市
96%
福島県磐梯町
96%
福島県只見町
96%
山形県天童市
96%
岩手県久慈市
96%
岩手県江刺市
93%
青森県階上町
91%
青森県鰺ヶ沢町
91%
青森県大鰐町
91%
山形県遊佐町
91%
秋田県八郎潟町
89%
宮城県柴田町
89%
宮城県大衡村
89%
岩手県矢巾町
89%
岩手県大槌町
89%
福島県塙町
87%
岩手県普代村
87%
青森県蓬田村
85%
宮城県牡鹿町
85%
福島県矢祭町
85%
山形県鮭川村
83%
秋田県象潟町
83%
宮城県涌谷町
78%
青森県碇ケ関村
76%
福島県鮫川村
76%
福島県桑折町
72%
青森県常盤村
72%
福島県霊山町
63%
岩手県胆沢町
63%
青森県車力村
61%
岩手県衣川村
54%
岩手県浄法寺町
46%
秋田県二ツ井町
43%
秋田県十文字町
41%
宮城県鶯沢町
35%

Score Distribution

Percentile by Number Answered

Percent of People with Each Score

Your Score History

You have not taken this quiz